LEADER 02750nam 2200613Ia 450 001 9910460070203321 005 20200520144314.0 010 $a1-282-86611-7 010 $a9786612866111 010 $a0-7735-7564-2 035 $a(CKB)2670000000080491 035 $a(OCoLC)759157098 035 $a(CaPaEBR)ebrary10424213 035 $a(SSID)ssj0000438472 035 $a(PQKBManifestationID)11268910 035 $a(PQKBTitleCode)TC0000438472 035 $a(PQKBWorkID)10467904 035 $a(PQKB)10081955 035 $a(CEL)432910 035 $a(CaBNvSL)slc00225542 035 $a(MiAaPQ)EBC3271251 035 $a(MiAaPQ)EBC3332118 035 $a(Au-PeEL)EBL3332118 035 $a(CaPaEBR)ebr10559069 035 $a(CaONFJC)MIL286611 035 $a(OCoLC)923235045 035 $a(EXLCZ)992670000000080491 100 $a20070314d2007 uy 0 101 0 $aeng 135 $aurcn||||||||| 181 $ctxt 182 $cc 183 $acr 200 10$aJan van Noordt$b[electronic resource] $epainter of history and portraits in Amsterdam /$fby David A. de Witt 210 $aMontreal ;$aIthaca $cMcGill-Queen's University Press$dc2007 215 $a1 online resource (409 p.) 311 $a0-7735-3275-7 320 $aIncludes bibliographical references (p. [367]-386) and index. 327 $a"Konstrijk schilder te Amsterdam": The Life ofJan van Noordt -- The Development ofJan van Noordt's Style -- From Open Market to Private Network: Buyers and Patrons ofJan van Noordt's Paintings -- Exempla of Love and Virtue: A Penchant in the Themes of an van Noordt's History Paintings -- Jan van Noordt's Drawings: Pictorial Technique and Function -- Conclusion -- Catalogue -- Paintings -- History Paintings -- Genre -- Portraits: Women -- Portraits: Men -- Portraits: Children -- Portraits: Groups -- Paintings Known Only through Reproductions -- Paintings That Cannot with Any Certainty Be Attributed to Jan Van Noordt -- Rejected Paintings -- Paintings Known Only from Literary Sources -- Drawings -- Drawings -- Rejected Drawings -- Drawings Known Only from Literary Sources -- Prints -- Prints -- Rejected Prints -- Prints Known Only from Literary Sources -- Appendix: Documents Pertaining to the Life of Jan van Noordt. 606 $aPainters$zNetherlands$zAmsterdam$vBiography 606 $aPainting, Dutch$y17th century 608 $aElectronic books. 615 0$aPainters 615 0$aPainting, Dutch 676 $a759.92 676 $a759.9492 700 $aDe Witt$b David A$g(David Albert),$f1967-$0874309 801 0$bMiAaPQ 801 1$bMiAaPQ 801 2$bMiAaPQ 906 $aBOOK 912 $a9910460070203321 996 $aJan van Noordt$91952190 997 $aUNINA LEADER 02704nam 2200589Ia 450 001 9910783211103321 005 20230124181918.0 010 $a1-280-50843-4 010 $a9786610508433 010 $a1-84544-252-0 035 $a(CKB)1000000000032639 035 $a(EBL)233854 035 $a(OCoLC)171128920 035 $a(SSID)ssj0000674031 035 $a(PQKBManifestationID)11464090 035 $a(PQKBTitleCode)TC0000674031 035 $a(PQKBWorkID)10661838 035 $a(PQKB)10878252 035 $a(MiAaPQ)EBC233854 035 $a(Au-PeEL)EBL233854 035 $a(CaPaEBR)ebr10085677 035 $a(CaONFJC)MIL50843 035 $a(OCoLC)133165937 035 $a(EXLCZ)991000000000032639 100 $a20000815d2005 uy 0 101 0 $aeng 135 $aur|n|---||||| 181 $ctxt 182 $cc 183 $acr 200 00$aLibrary and information science and the philosophy of science$b[electronic resource] /$fguest editor: Birger Hjorland 210 $aBradford, England $cEmerald Group Publishing$dc2005 215 $a1 online resource (164 p.) 225 0 $aJournal of documentation ;$vv. 61, no. 1 300 $aDescription based upon print version of record. 311 $a1-84544-090-0 327 $aCONTENTS; EDITORIAL BOARD; Library and information science and the philosophy of science; Critical realism as a philosophy and social theory in information science?; Pragmatism, neo-pragmatism and sociocultural theory; Phenomenology and information studies; Structuralism, post-structuralism, and the library: de Saussure and Foucault; "Isms" in information science: constructivism, collectivism and constructionism; Hermeneutics as a bridge between the modern and the postmodern in library and information science; On Grounded Theory - with some malice 327 $aEmpiricism, rationalism and positivism in library and information scienceComments on the articles and proposals for further work 330 $aThis e-book is concerned with metatheories in Library and Information Science (LIS) and especially with the philosophy of science of LIS. Metatheories are theories about the description, investigation, analysis or criticism of the theories in a domain. 606 $aInformation science$xPhilosophy 606 $aLibrary science$xPhilosophy 615 0$aInformation science$xPhilosophy. 615 0$aLibrary science$xPhilosophy. 676 $a025 701 $aHjørland$b Birger$01468528 801 0$bMiAaPQ 801 1$bMiAaPQ 801 2$bMiAaPQ 906 $aBOOK 912 $a9910783211103321 996 $aLibrary and information science and the philosophy of science$93679809 997 $aUNINA